| 000 | 00364nam a2200133 a 4500 | ||
|---|---|---|---|
| 001 | 4988 | ||
| 003 | CDMR | ||
| 005 | 20130116135303.0 | ||
| 008 | 130130s1988||||||||||||||||||||||||||||d | ||
| 040 |
_aCDMR _bcat _cCDMR |
||
| 245 | 3 |
_aLa Europa de Reikiavik _bSeminario Internacional de la Asociación de Periodistas Europeos |
|
| 260 |
_aMadrid _c1988 _bTecnos |
||
| 942 | _cMON | ||
| 999 |
_c4988 _d4988 |
||